000 00514pam a2200157a 44500
008 230515b2020 xxu||||| |||| 00| 0 eng d
020 _aNULL
041 _aENGLISH
082 _a610.0
100 _aMS. AISHWARYA P. MAKASARE
245 _aA STUDY TO ASSESS THE KNOWLEDGE REGARDING FIRST AID MANAGEMENT OF SELECTED PEDIATRIC EMERGRNCIES AMONG CARE TAKERS IN SELECTED URBAN AREAS OF PUNE CITY.
250 _a1
260 _a
_bBHARATI VIDYAPEETH DEEMED UNIVERSITY, PUNE,
_c2020
300 _a61
650 _aNULL
999 _c532091
_d532091